| 000 | 01284cam a2200337 a 4500 | ||
|---|---|---|---|
| 999 |
_c21478 _d21478 |
||
| 001 | 15462614 | ||
| 005 | 20170121141120.0 | ||
| 008 | 080923s2009 ohua 001 0 eng | ||
| 010 | _a 2008042232 | ||
| 015 |
_2bnb _aGBA8D9101 |
||
| 016 | 7 |
_a014852622 _2Uk |
|
| 020 | _a9781600611438 (pbk. : alk. paper) | ||
| 020 | _a1600611435 (pbk. : alk. paper) | ||
| 035 | _a(OCoLC)ocn233931208 | ||
| 037 |
_a1298495 _bQBI |
||
| 040 |
_aDLC _cDLC _dQBX _dBTCTA _dBAKER _dUKM _dORX _dDLC |
||
| 050 | 0 | 0 |
_aNC1764.8 _b .M65M34 2009 |
| 100 | 1 | _aMartinez, Randy. | |
| 245 | 1 | 0 |
_aCreature features : _bdraw amazing monsters & aliens / _cRandy Martinez. |
| 250 | _a1st ed. | ||
| 260 |
_aCincinnati, Ohio : _bImpact, _cc2009. |
||
| 300 |
_a127 p. : _bill. (some col.) ; _c28 cm. |
||
| 500 | _aIncludes index. | ||
| 650 | 0 | _aMonsters in art. | |
| 650 | 0 | _aExtraterrestrial beings in art. | |
| 650 | 0 |
_aDrawing _xTechnique. |
|
| 942 |
_2lcc _cBOOKS _hNC1764.8 .M65M34 2009 |
||